I 10 nomi italiani più popolari tra i nati nel 2023 - Statistics

Statistiche generali
  • Questo quiz è stato fatto 124 volte
  • Il punteggio medio è 11 su 20
Statistiche sulle risposte
Nomi maschili (prima lettera) Risposta % Corretto
F FRANCESCO
92%
L LEONARDO
87%
A ALESSANDRO
82%
A ANDREA
76%
S SOFIA
75%
G GIULIA
68%
M MATTIA
68%
T TOMMASO
68%
E EMMA
66%
R RICCARDO
62%
B BEATRICE
61%
L LORENZO
54%
E EDOARDO
49%
A ALICE
43%
G GABRIELE
41%
V VITTORIA
37%
A AURORA
36%
G GINEVRA
36%
L LUDOVICA
26%
M MATILDE
23%
Nessun quiz corrispondente trovato
Distribuzione punteggi
Percentuale di utenti per punteggio
Percentile per numero di risposta
I tuoi punteggi nel tempo
Non hai fatto questo quiz